ELVEDA GÜZEL VATANIM/A.ÜMİT/EVEREST (Record no. 684956)
[ view plain ]
| 000 -LEADER | |
|---|---|
| sabit uzunluktaki kontrol alanı | 00251nam a2200097Ia 4500 |
| 001 - KONTROL NUMARASI | |
| kontrol alanı | 684956 |
| 005 - EN SON İŞLEMİN TARİH VE ZAMANI | |
| kontrol alanı | 20250826161508.0 |
| 008 - SABİT-UZUNLUKTA VERİ ÖĞELERİ--GENEL BİLGİ | |
| sabit uzunluktaki kontrol alanı | 250824s9999 xx 000 0 und d |
| 245 #0 - ESER / YAZAR | |
| ESER ADI | ELVEDA GÜZEL VATANIM/A.ÜMİT/EVEREST |
| Yazar Adı | AHMET ÜMİT |
| 260 ## - YAYIN, DAĞITIM, VB. | |
| YAYIN EVİ | EVEREST |
| Düşüm durumu | Kayıp durumu | Hasar Durumu | Ödünç verilmez | Ana kütüphane | Geçerli Kütüphane | Edinilen tarih | Toplam ödünç verme sayısı | Barkod | Son görüntüleme tarihi | Son ödünç verme tarihi | Fiyatın geçerli olmaya başladığı tarih | Koha materyal türü |
|---|---|---|---|---|---|---|---|---|---|---|---|---|
| SELAHADDİN EYYUBİ ANADOLU LİSESİ | SELAHADDİN EYYUBİ ANADOLU LİSESİ | 24.08.2025 | 1 | 1022853 | 08.01.2026 | 23.12.2025 | 26.08.2025 | Books |